01352nam1a22002771 4500001001100000005001700011035002600028100004100054101000800095102000700103105001800110200007400128210009300202215001200295300018900307300010900496300010300605320004200708327008500750517012700835801001800962801002200980852001901002852001801021852003501039rc\412198920260424124616.0 a(NLR Aleph) 007981538 a20260426 rusy50 0 arus aRU a| g |||||1 aМузыкальный календарь ...e[ежегодник] aМоскваcГосударственное музыкальное изд-воd1956– d14–22 aС вып. 1970 г. загл. и подзаг. данные: Ежегодник памятных музыкальных дат и событий : справочное пособие aУ вып. 1968–1969 гг. в вых. дан.: Изд-во "Советский композитор" aУ вып. 1965–1966 гг. и с вып. 1969 г. в вых. дан.: Изд-во "Музыка" aБиблиогр. в конце ст.1 aСодерж. статьи на значимые даты муз. истории1 aЕжегодник памятных музыкальных дат и событийeсправочное пособие 0aRUbNLRgpsbo 1aRUbELAR2rusmarc aNLRj60-1/1119 aNLRj87-5/113 aNLRj+ шифры разные